| 000 | 00521nam a22001817a 4500 | ||
|---|---|---|---|
| 003 | OSt | ||
| 005 | 20250715070118.0 | ||
| 008 | 250715b |||||||| |||| 00| 0 eng d | ||
| 020 | _a978-1-77469-772-6 | ||
| 040 |
_aDWC-Main Lib _cOC |
||
| 082 | _aCirc. 657.42 S719b 2024 | ||
| 100 | _aSouad, Awassa | ||
| 245 |
_aBasics of cost accounting/ _cAwassa Souad |
||
| 260 |
_aCanada: _bToronto Academic Press, _cc2024. |
||
| 300 |
_aviii, 225 pages; _c25 cm. |
||
| 650 | _a1. Cost accounting | ||
| 942 |
_2ddc _cBK-CIRC _kCirc. _n0 |
||
| 999 |
_c3684 _d3684 |
||